Globálne zmeny životného prostredia a zdravie obyvateľstva diplomová práca

Guardado en:
Detalles Bibliográficos
Autor principal: Suľová, Jana
Autor Corporativo: Fakulta medzinárodných vzťahov EU. Katedra medzinárodných ekonomických vzťahov a hospodárskej diplomacie
Otros Autores: Černota, Mikuláš, 1979-
Formato: Libro
Lenguaje:eslovaco
Publicado: Bratislava 2016
Etiquetas: Agregar Etiqueta
Sin Etiquetas, Sea el primero en etiquetar este registro!

MARC

LEADER 00000nbm a2200000 4500
001 0218079
005 20170209154455.6
041 0 |a slo 
044 |a SK 
245 1 0 |a Globálne zmeny životného prostredia a zdravie obyvateľstva  |b diplomová práca  |c Jana Suľová ; školiteľ: Mikuláš Černota 
264 1 |a Bratislava  |c 2016 
300 |a 95 s. 
100 1 |a Suľová, Jana 
700 1 |a Černota, Mikuláš, 1979- 
710 2 |a Fakulta medzinárodných vzťahov EU. Katedra medzinárodných ekonomických vzťahov a hospodárskej diplomacie